000 00779nam0a2200265 4500
001 RU\NLR\ONL1\7808
005 20250613115659.0
035 _a(NLR Aleph) 009636558
090 _a9527419
_c9527419
100 _a20060209d1977 |||y0rusy50 ca
101 0 _audm
102 _aRU
105 _aa |||||||||
200 1 _aВуберганъёс
_eКылбуръёс
210 _aИжевск
_cУдмуртия
_d1977
215 _a152 с.
_d16
541 1 _aВодовороты
_eСтихи
_zrus
686 1 _aШ6(2=У)7-5
700 1 _aБелоногов
_bА. Е.
_gАлександр Егорович
_4070
801 0 _aRU
_bNLR
_c20060209
_gPSBO
852 _aNLR
_bОНЛ
_jУдмур./2-1363
942 _cBOOK
980 _aNB